000 00677nam a2200241Ia 4500
003 OSt
005 20220926032320.0
006 a|||||r|||| 00| 0
007 ta
008 220923b |||||||| |||| 00| 0 eng d
037 _cGeneral Book
040 _aRTL
_cRTL
_beng
041 _2eng
_aeng
082 _aY15.41.N7, L7
100 _aBroyelle Claudie
_9109597
245 0 _aWomen's liberation in China Tr from the French by
260 _aSussex
_bHarvester
_c1977
300 _axii,174p
_ccm.
500 _aAppendix: p 156-157
650 _aWoman Sociology
942 _hY15.41.N7, L7
_cGB
_2CC
999 _c654382
_d654382